Approaching the nuclear tipping point : cooperative security in an era of global change /

Technology is developing rapidly, greatly empowering individuals, groups, and nations. Reaching beyond the military issues of arms control, the text analyzes the impact on international security of changes in the international system and defines a unique cooperative security agenda.

Bibliographic Details
Main Author: Goodby, James E. (Author)
Corporate Author: Rowman & Littlefield EBA
Format: eBook
Language:English
Published: Lanham, Maryland : Rowman & Littlefield, [2017]
Subjects:
Online Access:Connect to the full text of this electronic book

MARC

Tag First Indicator Second Indicator Subfields
LEADER 00000cam a2200000 i 4500
001 in00004065721
006 m o d
007 cr |||||||||||
008 170824s2017 mdu ob 001 0 eng
005 20250816222526.8
010 |a  2017039817 
019 |a 1000392800 
020 |a 9781442265721  |q (electronic book) 
020 |a 1442265728  |q (electronic book) 
020 |z 9781442265707  |q (hardcover  |q alkaline paper) 
020 |z 1442265701  |q (hardcover  |q alkaline paper) 
020 |z 9781442265714  |q (paperback  |q alkaline paper) 
020 |z 144226571X  |q (paperback  |q alkaline paper) 
035 |a (OCoLC)on1001446077 
035 |a (OCoLC)1001446077  |z (OCoLC)1000392800 
037 |a 1026195  |b MIL 
040 |a DLC  |b eng  |e rda  |e pn  |c DLC  |d YDX  |d OCLCO  |d IDEBK  |d N$T  |d YDX  |d EBLCP  |d TXM  |d UAB  |d OTZ  |d OCLCQ  |d OCLCF  |d OCLCQ  |d TKN  |d U3W  |d UKAHL  |d TXA  |d UtOrBLW 
042 |a pcc 
049 |a TXAM 
050 1 4 |a JZ5675  |b .G66 2017eb 
072 7 |a POL  |x 040020  |2 bisacsh 
072 7 |a POL  |x 011000  |2 bisacsh 
082 0 0 |a 327.1/747  |2 23 
100 1 |a Goodby, James E.,  |e author.  |0 http://id.loc.gov/authorities/names/n84232202 
245 1 0 |a Approaching the nuclear tipping point :  |b cooperative security in an era of global change /  |c James E. Goodby. 
264 1 |a Lanham, Maryland :  |b Rowman & Littlefield,  |c [2017] 
300 |a 1 online resource (ix, 163 pages) 
336 |a text  |b txt  |2 rdacontent 
337 |a computer  |b c  |2 rdamedia 
338 |a online resource  |b cr  |2 rdacarrier 
504 |a Includes bibliographical references and index. 
588 0 |a Online resource; title from digital title page (viewed on September 13, 2017). 
505 0 |a Learning survival skills in the new world -- Stepping back from the tipping point -- Nationalism, globalism, and technology -- The potential for regional cooperative security negotiations -- Global security cooperation: An agenda for early action -- Choosing the future. 
520 |a Technology is developing rapidly, greatly empowering individuals, groups, and nations. Reaching beyond the military issues of arms control, the text analyzes the impact on international security of changes in the international system and defines a unique cooperative security agenda. 
650 0 |a Nuclear nonproliferation  |x International cooperation.  |0 http://id.loc.gov/authorities/subjects/sh2008108488 
650 0 |a Nuclear arms control  |x International cooperation. 
650 0 |a Security, International  |x International cooperation. 
650 0 |a World politics  |y 21st century.  |0 http://id.loc.gov/authorities/subjects/sh99010754 
650 7 |a POLITICAL SCIENCE  |x Government  |x International.  |2 bisacsh 
650 7 |a POLITICAL SCIENCE  |x International Relations  |x General.  |2 bisacsh 
650 7 |a Nuclear arms control  |x International cooperation.  |2 fast  |0 (OCoLC)fst01039888 
650 7 |a Nuclear nonproliferation  |x International cooperation.  |2 fast  |0 (OCoLC)fst01040380 
650 7 |a World politics.  |2 fast  |0 (OCoLC)fst01181381 
648 7 |a 2000-2099  |2 fast 
655 7 |a Electronic books.  |2 local 
710 2 |a Rowman & Littlefield EBA. 
776 0 8 |i Print version:  |a Goodby, James E.  |t Approaching the nuclear tipping point.  |d Lanham : Rowman & Littlefield, [2017]  |z 9781442265707  |w (DLC) 2017019680 
856 4 0 |u https://ebookcentral.proquest.com/lib/tamucs/detail.action?docID=5060034  |z Connect to the full text of this electronic book  |t 0 
948 |a cataloged  |b h  |c 2019/7/15  |d c  |e jlanham  |f 2:54:08 pm 
994 |a C0  |b TXA 
999 f f |s 42048141-4fcd-3bc5-add9-871bc88bd895  |i e8c9ad54-481b-3bb4-bb9d-dd0a4bdb8aa2  |t 0 
952 f f |a Texas A&M University  |b College Station  |c Electronic Resources  |d Available Online  |t 0  |e JZ5675 .G66 2017eb  |h Library of Congress classification 
998 f f |a JZ5675 .G66 2017eb  |t 0  |l Available Online